000 00989cam a2200253 4500
008 000000n2000 000 0 eng u
020 _a058231612X
035 _a(Sirsi) u107257
050 _a332.6324
100 _aHoesli, Martin
245 _aProperty investment : principles and practice of portfolio management.
260 _aHarlow
_bLongman
_c2000
300 _axii,288p. ; 24cm.
350 _a21.99
520 _aPresents the most recent developments in property analysis and applies them to the management of property portfolios. After looking at the investment background, the authors consider pricing models and portfolio strategy and then examine property in a wider context.
650 _aRISK ASSESSMENT
650 _aPROPERTY INDICES
650 _aFORECASTING
650 _aDEPRECIATION
650 _aPROPERTY INVESTMENT
690 _aPROPERTY-COMMERCIAL PROPERTY-COMMERCIAL PROPERTY FINANCE AND INVESTMENT
700 _aMacGregor, Bryan D.
942 _n0
999 _c100672
_d100672